| 000 | 00800nam a2200265 i 4500 | ||
|---|---|---|---|
| 001 | 15263 | ||
| 003 | ES-MaACL | ||
| 005 | 20250815083909.0 | ||
| 007 | t| | ||
| 008 | 000210s1999 sp ||||1| spa d | ||
| 020 | _a84-245-0803-3 | ||
| 080 | _a323.174(4)(082) | ||
| 080 | _a342.71(4)(082) | ||
| 245 | 0 | 0 |
_aNacionalidades y regiones en la Unión Europea / _cFrancisco Letamendía (coordinador). |
| 250 | _a1ª ed. | ||
| 260 |
_aMadrid : _bFundamentos, _c1999. |
||
| 300 |
_a286 p. ; _c20 cm. |
||
| 490 | 1 |
_aCiencia. Serie política ; _v226 |
|
| 650 |
_aRegionalismo- _zEuropa. _916752 |
||
| 650 | 4 |
_aNacionalidad- _zEuropa. _915437 |
|
| 700 | 1 |
_aLetamendía, Francisco. _971874 |
|
| 830 | 1 | 0 |
_aCiencia. _pPolítica _v226 _9183323 |
| 852 |
_aES-MaACL _jL-22555 |
||
| 999 |
_c15263 _d15263 |
||